مختلف الحديث : دراسة تحليلية للجوانب الايجابية فيه /
Saved in:
| 主要作者: | |
|---|---|
| 其他作者: | |
| 格式: | Thesis |
| 語言: | Arabic |
| 出版: |
Gombak, Selangor :
al-Jami'ah al-Islamiyah al-'Alamiyah Maliziya,
2001
|
| 主題: | |
| 在線閱讀: | http://studentrepo.iium.edu.my/handle/123456789/9134 |
| 標簽: |
添加標簽
沒有標簽, 成為第一個標記此記錄!
|
| LEADER | 014930000a22003370004500 | ||
|---|---|---|---|
| 001 | 230320 | ||
| 005 | 20230420123229.0 | ||
| 008 | 030424s2001 my g 000 0 ara d | ||
| 035 | |a (Sirsi) 230320 | ||
| 040 | |a UIAM |b eng | ||
| 041 | 0 | |a ara | |
| 050 | 0 | 0 | |a BP136.7 |
| 100 | 1 | |a كازيموسكى، عبدالله |9 119167 | |
| 242 | 1 | 0 | |a Mukhtalif al-hadith : |b dirasah tahliliyah lil-jawanib al-ijabiyah fih |
| 245 | 1 | 0 | |a مختلف الحديث : |b دراسة تحليلية للجوانب الايجابية فيه / |c اعداد عبدالله كازيموسكى |
| 260 | |a Gombak, Selangor : |b al-Jami'ah al-Islamiyah al-'Alamiyah Maliziya, |c 2001 | ||
| 300 | |a 104 p. ; |c 29 cm. | ||
| 336 | |2 rdacontent | ||
| 337 | |2 rdamedia | ||
| 338 | |2 rdacarrier | ||
| 502 | |a Thesis (Master) - International Islamic University Malaysia, 2001 | ||
| 504 | |a Bibliography: p. 93-104 | ||
| 650 | 0 | |a Hadith |x Authorities Criticism, interpretation, etc. |9 26343 | |
| 650 | 0 | |a Hadith |x Criticism, interpretation, etc | |
| 700 | 1 | |a Kazimoski, Abdula |9 117339 | |
| 856 | 4 | |u http://studentrepo.iium.edu.my/handle/123456789/9134 | |
| 900 | |a ami-naw | ||
| 942 | |2 lcc |n 0 | ||
| 999 | |c 431857 |d 466034 | ||
| 952 | |0 0 |6 T BP 136.7 K23M 2001 |7 0 |8 THESES |9 752567 |a IIUM |b IIUM |c MULTIMEDIA |g 0.00 |o t BP 136.7 K23M 2001 |p 00011284464 |r 2017-10-17 |t 2 |v 0.00 |y THESIS | ||
| 952 | |0 0 |6 LU T BP 136.7 K23M 2001 |7 0 |8 THESES |9 753136 |a IIUM |b IIUM |c CLOSEACCES |g 0.00 |o lu t BP 136.7 K23M 2001 |p 00000669477 |r 2017-10-24 |t 1 |v 0.00 |y THESIS | ||
